L'agriculture au Cambodge / (Record no. 14285)

000 -LEADER
fixed length control field 00453nam a2200157Ia 4500
020 ## - INTERNATIONAL STANDARD BOOK NUMBER
ISBN 929028031X
040 ## - CATALOGING SOURCE
Transcribing agency a
082 ## - DEWEY DECIMAL CLASSIFICATION NUMBER
Classification number 471 AGE 1981 A024 Co.
100 1# - MAIN ENTRY--AUTHOR NAME
Personal name Tichit, L.
245 12 - TITLE STATEMENT
Title L'agriculture au Cambodge /
260 ## - PUBLICATION, DISTRIBUTION, ETC. (IMPRINT)
Place of publication Paris :
Name of publisher Agence de Coop©♭ration Culturelle et Technique,
Year of publication c1981
300 ## - PHYSICAL DESCRIPTION
Number of Pages 423 p. :
Other physical details 2 fold. maps ;
Dimensions 24 cm
650 #0 - SUBJECT ADDED ENTRY--TOPICAL TERM
Topical Term Agriculture
710 2# - ADDED ENTRY--CORPORATE NAME
Corporate name or jurisdiction name as entry element Agence de coop©♭ration culturelle et technique
942 ## - ADDED ENTRY ELEMENTS (KOHA)
Koha item type សៀវភៅភាសាបារាំង
952 ## - LOCATION AND ITEM INFORMATION (KOHA)
Withdrawn status [LOCAL, KOHA] 0
Holdings
Permanent Location Date acquired Koha item type Lost status Shelving location Barcode Current Location Full call number
Library Block A2017-10-11សៀវភៅភាសាបារាំង A024RUA057865Library Block A471 AGE 1981 A024 Co.
មជ្ឈមណ្ឌលឯការនៃសាកលវិទ្យាល័យភូមិន្ទកសិកម្មចំការដូង

Powered by Koha